书目信息 |
| 题名: |
联合国及有关国际组织译名手册
|
|
| 作者: | ;中国对外翻译出版公司 编 | |
| 分册: | ||
| 出版信息: | 北京 中国对外翻译出版公司 1985 |
|
| 页数: | 320页 | |
| 开本: | 19cm | |
| 丛书名: | ||
| 单 册: | ||
| 中图分类: | D813.2-62 , H31-62 | |
| 科图分类: | ||
| 主题词: | 国际组织-译名--手册 , 译名-国际组织--手册 , 英语 | |
| 电子资源: | ||
| ISBN: | ||
| 000 | 00859nam0 2200289 45 | |
| 001 | 0185001989 | |
| 005 | 20040510103038.4 | |
| 010 | @dCNY2.90 | |
| 091 | @a17220.7 | |
| 100 | @a19900823d1985 emky0chiy0121 ea | |
| 101 | 0 | @achi |
| 102 | @aCN@b110000 | |
| 105 | @ay g 000yy | |
| 106 | @ar | |
| 200 | 10 | @a联合国及有关国际组织译名手册@Alian he guo ji you guan guo ji zu zhi yi ming shou ce@f中国对外翻译出版公司编 |
| 210 | @a北京@c中国对外翻译出版公司@d1985 | |
| 215 | @a320页@d19cm | |
| 601 | 02 | @a联合国@x译名@x手册 |
| 606 | @a国际组织-译名@x手册 | |
| 606 | @a译名-国际组织@x手册 | |
| 606 | 0 | @a英语 |
| 690 | @aD813.2-62@v3 | |
| 690 | @aH31-62@v3 | |
| 711 | 02 | @a中国对外翻译出版公司@Azhong guo dui wai fan yi chu ban gong si@4编 |
| 801 | 0 | @aCN@b深圳图书馆@c20040510 |
| 801 | 2 | @aCN@bNLC@c20040510 |
| 905 | @f5@b151666-670@dH31-62@e193 | |
| 联合国及有关国际组织译名手册/中国对外翻译出版公司编.-北京:中国对外翻译出版公司,1985 |
| 320页;19cm |
| ISBN :CNY2.90 |
| ● |
| 相关链接 |
|
|
|
|
正题名:联合国及有关国际组织译名手册
索取号:H31-62/193
 
预约/预借
| 序号 | 登录号 | 条形码 | 馆藏地/架位号 | 状态 | 备注 |
| 1 | 0151666 | 000928508 | 密集书库/ [索取号:H31-62/193] | 在馆 | |
| 2 | 0151667 | 000933495 | 密集书库/ [索取号:H31-62/193] | 在馆 | |
| 3 | 0151668 | 000933538 | 密集书库/ [索取号:H31-62/193] | 在馆 | |
| 4 | 0151669 | 000928526 | 第四借阅区/ [索取号:H31-62/193] | 在馆 | |
| 5 | 0151670 | 000928544 | 第二样本阅览室/ [索取号:H31-62/193] | 在馆 |